[Event "Danish Senior CHP for 50+ and 65+"]
[Site "Nyhavnsgade 14, 2. sal. 9000 Aalborg"]
[Date "2022.02.25"]
[Round "6.1"]
[White "Danielsen, Henrik"]
[Black "Pilgaard, Erik"]
[Result "1-0"]
[BlackElo "1383"]
[WhiteElo "2525"]
[LiveChessVersion "1.4.8"]

1. e4 {[%clk 1:30:41]} e5 {[%clk 1:30:49]} 2. Nf3 {[%clk 1:30:57]} Nc6
{[%clk 1:30:57]} 3. Be2 {[%clk 1:30:57]} Nf6 {[%clk 1:30:20]} 4. d3
{[%clk 1:31:26]} d5 {[%clk 1:29:52]} 5. Nbd2 {[%clk 1:32:22]} Bc5
{[%clk 1:28:53]} 6. c3 dxe4 7. dxe4 {[%clk 1:32:50]} O-O {[%clk 1:27:03]} 8. b4
{[%clk 1:33:00]} Bb6 {[%clk 1:25:57]} 9. O-O {[%clk 1:33:17]} a5 {[%clk 1:24:26]}
10. b5 {[%clk 1:33:35]} Na7 {[%clk 1:23:46]} 11. a4 {[%clk 1:32:05]} Qe7
{[%clk 1:21:44]} 12. Qc2 {[%clk 1:28:56]} c6 {[%clk 1:21:00]} 13. Nc4
{[%clk 1:26:49]} Bc5 {[%clk 1:19:43]} 14. b6 {[%clk 1:27:04]} Nb5
{[%clk 1:14:53]} 15. axb5 {[%clk 1:27:21]} cxb5 {[%clk 1:15:03]} 16. Nxa5
{[%clk 1:26:45]} Bg4 {[%clk 1:13:13]} 17. h3 {[%clk 1:21:15]} Bh5
{[%clk 1:11:56]} 18. Nh4 {[%clk 1:21:13]} Qd6 {[%clk 1:06:48]} 19. Nxb7
{[%clk 1:20:31]} Qxb6 {[%clk 1:04:57]} 20. Rxa8 {[%clk 1:20:53]} Bxf2+
{[%clk 1:04:23]} 21. Rxf2 {[%clk 1:21:03]} Rxa8 {[%clk 1:04:36]} 22. Bxh5
{[%clk 1:20:04]} Nxh5 {[%clk 1:04:18]} 23. Nf5 {[%clk 1:19:53]} Qxb7
{[%clk 1:04:18]} 24. Bg5 {[%clk 1:14:05]} h6 {[%clk 1:02:32]} 25. Qd1
{[%clk 1:06:25]} hxg5 {[%clk 0:56:54]} 26. Qxh5 {[%clk 1:06:45]} g6
{[%clk 0:53:22]} 27. Qxg5 {[%clk 1:07:05]} Qa7 {[%clk 0:47:14]} 28. Nh6+
{[%clk 1:06:50]} Kg7 {[%clk 0:46:57]} 29. Ng4 {[%clk 1:06:14]} Rh8
{[%clk 0:44:08]} 30. Qxe5+ {[%clk 1:06:36]} Kh7 {[%clk 0:43:44]} 31. Nf6+
{[%clk 1:06:45]} Kh6 {[%clk 0:43:50]} 32. Ne8 {[%clk 1:06:57]} Rg8
{[%clk 0:43:43]} 33. Qf4+ {[%clk 1:06:17]} 1-0

[Event "Danish Senior CHP for 50+ and 65+"]
[Site "Nyhavnsgade 14, 2. sal. 9000 Aalborg"]
[Date "2022.02.25"]
[Round "6.2"]
[White "Stojanovski, Sandi"]
[Black "Thomsen, Søren"]
[Result "1-0"]
[BlackElo "1833"]
[WhiteElo "2195"]
[LiveChessVersion "1.4.8"]

1. d4 {[%clk 1:30:56]} Nf6 {[%clk 1:30:31]} 2. c4 {[%clk 1:31:19]} g6
{[%clk 1:30:16]} 3. g3 {[%clk 1:31:27]} Bg7 {[%clk 1:29:35]} 4. Bg2
{[%clk 1:31:48]} O-O {[%clk 1:29:40]} 5. Nf3 {[%clk 1:31:55]} d6 {[%clk 1:28:18]}
6. Nc3 {[%clk 1:32:18]} c6 {[%clk 1:28:12]} 7. O-O {[%clk 1:32:41]} Qc7
{[%clk 1:28:20]} 8. e4 {[%clk 1:31:40]} e5 {[%clk 1:26:54]} 9. h3
{[%clk 1:31:23]} a6 {[%clk 1:26:12]} 10. Be3 {[%clk 1:21:27]} Nbd7
{[%clk 1:21:09]} 11. Rc1 {[%clk 1:18:41]} Re8 {[%clk 1:19:04]} 12. Qc2
{[%clk 1:13:37]} exd4 {[%clk 1:11:44]} 13. Nxd4 {[%clk 1:13:22]} Ne5
{[%clk 1:11:28]} 14. b3 {[%clk 1:13:07]} c5 {[%clk 1:08:30]} 15. Nde2
{[%clk 1:13:20]} Nc6 {[%clk 1:07:03]} 16. Nd5 {[%clk 1:12:02]} Nxd5
{[%clk 1:06:22]} 17. cxd5 {[%clk 1:12:24]} Nb4 {[%clk 1:05:49]} 18. Qd2
{[%clk 1:11:13]} a5 {[%clk 1:04:14]} 19. a3 {[%clk 1:11:16]} Na6 {[%clk 1:04:29]}
20. b4 {[%clk 1:10:09]} axb4 {[%clk 1:03:37]} 21. axb4 {[%clk 1:10:34]} b6
{[%clk 1:03:55]} 22. Nd4 {[%clk 1:08:02]} Bd7 {[%clk 1:00:38]} 23. b5
{[%clk 1:08:18]} Nb8 {[%clk 1:00:31]} 24. Nc6 {[%clk 1:06:42]} Bc8
{[%clk 0:55:14]} 25. f4 {[%clk 1:06:38]} Nd7 {[%clk 0:55:26]} 26. e5
{[%clk 1:06:49]} Nf8 {[%clk 0:54:34]} 27. Kh1 {[%clk 0:53:13]} Bd7
{[%clk 0:52:28]} 28. g4 {[%clk 0:47:44]} Ra3 {[%clk 0:50:27]} 29. Ra1
{[%clk 0:46:22]} Rea8 {[%clk 0:50:17]} 30. Rxa3 {[%clk 0:46:46]} Rxa3
{[%clk 0:50:36]} 31. f5 {[%clk 0:45:42]} Bxc6 {[%clk 0:50:09]} 32. exd6
{[%clk 0:39:40]} Qxd6 {[%clk 0:49:53]} 33. Bf4 {[%clk 0:39:05]} Be5
{[%clk 0:44:53]} 34. Bxe5 {[%clk 0:39:18]} Qxe5 {[%clk 0:45:16]} 35. bxc6
{[%clk 0:39:27]} Qd6 {[%clk 0:44:29]} 36. f6 {[%clk 0:39:37]} 1-0

[Event "Danish Senior CHP for 50+ and 65+"]
[Site "Nyhavnsgade 14, 2. sal. 9000 Aalborg"]
[Date "2022.02.25"]
[Round "6.3"]
[White "Harlung, David"]
[Black "Lilja, Richard"]
[Result "0-1"]
[BlackElo "2112"]
[WhiteElo "1253"]
[LiveChessVersion "1.4.8"]

1. c4 {[%clk 1:30:26]} e5 {[%clk 1:30:30]} 2. e4 {[%clk 1:29:52]} Nf6
{[%clk 1:30:32]} 3. Nf3 {[%clk 1:27:17]} Nc6 {[%clk 1:28:04]} 4. d3
{[%clk 1:23:23]} Bc5 {[%clk 1:26:50]} 5. h3 {[%clk 1:22:48]} h6 {[%clk 1:26:45]}
6. Nc3 {[%clk 1:22:02]} d6 {[%clk 1:26:54]} 7. Be2 {[%clk 1:20:31]} Be6
{[%clk 1:27:09]} 8. a3 {[%clk 1:19:07]} a5 {[%clk 1:27:11]} 9. Bd2
{[%clk 1:16:20]} Qd7 {[%clk 1:23:49]} 10. Na4 {[%clk 1:14:38]} Bd4
{[%clk 1:21:46]} 11. Rb1 {[%clk 1:11:10]} O-O {[%clk 1:19:40]} 12. O-O
{[%clk 1:09:39]} Nh7 {[%clk 1:15:13]} 13. Ne1 {[%clk 1:09:21]} f5
{[%clk 1:14:43]} 14. Bf3 {[%clk 1:03:01]} Kh8 {[%clk 1:10:41]} 15. Be3
{[%clk 1:00:07]} fxe4 {[%clk 1:06:04]} 16. Bxe4 {[%clk 0:59:35]} Bxe3
{[%clk 1:06:04]} 17. fxe3 {[%clk 0:59:48]} Rxf1+ {[%clk 1:05:46]} 18. Kxf1
{[%clk 1:00:07]} Rf8+ {[%clk 1:05:45]} 19. Nf3 {[%clk 0:56:24]} Ng5
{[%clk 1:03:49]} 20. Ke2 {[%clk 0:54:10]} Nxe4 {[%clk 1:03:46]} 0-1

[Event "Danish Senior CHP for 50+ and 65+"]
[Site "Nyhavnsgade 14, 2. sal. 9000 Aalborg"]
[Date "2022.02.25"]
[Round "6.4"]
[White "Pors, Kim"]
[Black "Munksgaard, Bo"]
[Result "1/2-1/2"]
[BlackElo "1593"]
[WhiteElo "1459"]
[LiveChessVersion "1.4.8"]

1. c4 {[%clk 1:30:50]} e5 {[%clk 1:29:31]} 2. g3 {[%clk 1:30:56]} Nf6
{[%clk 1:29:42]} 3. Bg2 {[%clk 1:31:09]} g6 {[%clk 1:28:56]} 4. b3
{[%clk 1:30:02]} Bg7 {[%clk 1:29:11]} 5. Bb2 {[%clk 1:29:58]} d6 {[%clk 1:29:15]}
6. Nc3 {[%clk 1:29:26]} c6 {[%clk 1:29:22]} 7. e3 {[%clk 1:18:06]} O-O
{[%clk 1:28:52]} 8. Nge2 {[%clk 1:17:34]} Qe7 {[%clk 1:24:11]} 9. e4 a5
{[%clk 1:21:28]} 10. O-O {[%clk 1:08:43]} Na6 {[%clk 1:17:59]} 11. a3
{[%clk 1:06:30]} Nc5 {[%clk 1:16:50]} 12. Qc2 {[%clk 1:03:51]} Re8
{[%clk 1:10:23]} 13. Rfe1 {[%clk 0:58:49]} Bd7 {[%clk 1:06:32]} 14. d3
{[%clk 0:56:13]} Rf8 {[%clk 1:00:38]} 15. b4 {[%clk 0:44:59]} axb4
{[%clk 0:58:33]} 16. axb4 {[%clk 0:45:11]} Ne6 {[%clk 0:57:48]} 17. b5
{[%clk 0:34:02]} Nd4 {[%clk 0:52:48]} 18. Nxd4 {[%clk 0:25:46]} exd4
{[%clk 0:53:04]} 19. Ne2 {[%clk 0:24:56]} c5 {[%clk 0:49:52]} 20. Nf4
{[%clk 0:24:52]} g5 {[%clk 0:44:06]} 21. Nd5 {[%clk 0:23:09]} Nxd5
{[%clk 0:44:17]} 22. exd5 {[%clk 0:22:19]} Rxa1 {[%clk 0:42:19]} 23. Rxa1
{[%clk 0:22:37]} Re8 {[%clk 0:42:20]} 24. Kf1 {[%clk 0:19:16]} f5
{[%clk 0:38:56]} 25. Qd2 {[%clk 0:16:20]} Qd8 {[%clk 0:36:42]} 1/2-1/2

[Event "Danish Senior CHP for 50+ and 65+"]
[Site "Nyhavnsgade 14, 2. sal. 9000 Aalborg"]
[Date "2022.02.25"]
[Round "6.5"]
[White "Grue, Vibeke"]
[Black "Thomsen, Per"]
[Result "0-1"]
[BlackElo "1509"]
[WhiteElo "1213"]
[LiveChessVersion "1.4.8"]

1. e4 {[%clk 1:30:30]} e5 {[%clk 1:30:13]} 2. Nf3 {[%clk 1:31:03]} d6
{[%clk 1:29:29]} 3. h3 {[%clk 1:30:45]} f5 {[%clk 1:29:29]} 4. Nc3
{[%clk 1:28:25]} Nf6 {[%clk 1:29:35]} 5. Bc4 {[%clk 1:27:56]} h6 {[%clk 1:25:39]}
6. exf5 {[%clk 1:28:00]} Bxf5 {[%clk 1:25:26]} 7. Nh4 {[%clk 1:28:04]} Bh7
{[%clk 1:24:34]} 8. d3 {[%clk 1:28:13]} c6 {[%clk 1:23:23]} 9. O-O
{[%clk 1:27:43]} d5 {[%clk 1:22:28]} 10. Bb3 {[%clk 1:26:31]} d4 {[%clk 1:21:29]}
11. Ne2 {[%clk 1:25:39]} Nd5 {[%clk 1:20:48]} 12. Nf3 {[%clk 1:22:29]} Bd6
{[%clk 1:20:19]} 13. Bxd5 {[%clk 1:21:52]} cxd5 {[%clk 1:20:24]} 14. c3
{[%clk 1:21:35]} dxc3 {[%clk 1:20:14]} 15. Qa4+ {[%clk 1:21:24]} Qd7
{[%clk 1:16:13]} 16. Qb3 {[%clk 1:21:08]} Bxd3 {[%clk 1:14:45]} 17. Re1
{[%clk 1:20:24]} Bc4 {[%clk 1:05:43]} 18. Qc2 {[%clk 1:20:27]} O-O
{[%clk 1:02:22]} 19. Ng3 {[%clk 1:19:40]} e4 {[%clk 1:00:06]} 20. Nd4
{[%clk 1:15:33]} Bxg3 {[%clk 0:58:45]} 21. Be3 {[%clk 1:13:54]} cxb2
{[%clk 0:58:05]} 22. Qxb2 {[%clk 1:13:34]} Be5 {[%clk 0:57:47]} 23. f3
{[%clk 1:13:15]} Bxd4 {[%clk 0:55:46]} 24. Bxd4 {[%clk 1:12:45]} exf3
{[%clk 0:55:16]} 25. g3 {[%clk 1:11:40]} Nc6 {[%clk 0:54:37]} 26. Be3
{[%clk 1:11:36]} Qxh3 {[%clk 0:53:50]} 0-1